01194 a2200193 45000010006000000050017000060080041000230030015000640400040000790800130001192450061002490200022003102640034003323000019003665050490003850410008008751000022008838560095009053777720260407155644.0260407a2013 arg spa dAR-UNSa-BCEJYS aAR-UNSa-BCEJYSbspacAR-UNSa-BCEJYS a658.01xMetodología. Teoría y práctica de la organización( teoria de la organización, análisis organizacional...)10aAnálisis organizacional en pymes y empresas de familia a978-950-641-779-6 1aBuenos Aires :bGranicac2013 a286 p.c22 cm. a1. Antecedentes del análisis organizacional - 2. Dimensiones organizacionales - 3. Análisis organizacional como estrategia de cambio - 4. El marco teórico - 5. Presentación del caso - 6. Surgimiento de la empresa: desarrollo del proyecto personal por cuenta propia - 7. La estructura organizativa - 8. El equipo de gerencia: roles y relaciones interpersonales - 9. Crisis, representación y participación: el caso envases de azul - 10. Turbulencia, crisis y participación  aspa1 aSchlemenson, Aldo41uhttps://biblioeco.unsa.edu.ar/pmb/images/libros/L125697.jpgyImagen de portadaqimage/jpeg